Modelos de las Naciones Unidas : (Record no. 111824)
[ view plain ]
| 000 -LEADER | |
|---|---|
| campo de control de longitud fija | 00599nam a2200157 4500 |
| 001 - NÚMERO DE CONTROL | |
| campo de control | 873 |
| 005 - FECHA Y HORA DE LA ÚLTIMA TRANSACCIÓN | |
| campo de control | 20230411090048.0 |
| 008 - DATOS DE LONGITUD FIJA--INFORMACIÓN GENERAL | |
| campo de control de longitud fija | 060907n19uu dr spa |
| 035 ## - NÚMERO DE CONTROL DEL SISTEMA | |
| -- | funglode877 |
| 041 ## - CÓDIGO DE IDIOMA | |
| Código de lengua del texto/banda sonora o título independiente | ES |
| 245 0# - MENCIÓN DEL TÍTULO | |
| Título | Modelos de las Naciones Unidas : |
| Resto del título | Reglamento oficial |
| 260 ## - PUBLICACIÓN, DISTRIBUCIÓN, ETC. | |
| Lugar de publicación, distribución, etc. | México : |
| Nombre del editor, distribuidor, etc. | Naciones Unidas. Centro de Información, |
| Fecha de publicación, distribución, etc. | [s. f.] |
| 300 ## - DESCRIPCIÓN FÍSICA | |
| Extensión | 31 p. |
| 520 ## - RESUMEN, ETC. | |
| Sumario, etc. | Reglamento general del modelo Naciones Unidas, 3. -- Reglamento de la Asamblea general, 10. -- Reglamento del Consejo Económico y Social, 19. -- Reglamento del Consejo de Seguridad, 27 |
| 942 ## - ELEMENTOS DE ENTRADA SECUNDARIOS (KOHA) | |
| Fuente del sistema de clasificación o colocación | Clasificación de Library of Congress |
| Tipo de ítem Koha | |
| Estatus retirado | Estado de pérdida | Fuente del sistema de clasificación o colocación | Estado de daño | No para préstamo | Colección | Biblioteca de origen | Biblioteca actual | Ubicación en estantería | Fecha de adquisición | Código de barras | Visto por última vez | Copia número | Tipo de ítem Koha |
|---|---|---|---|---|---|---|---|---|---|---|---|---|---|
| Clasificación de Library of Congress | Automatización y Procesos Técnicos | Biblioteca Juan Bosch | Biblioteca Juan Bosch | Automatización y Procesos Técnicos (1er. Piso) | 17/02/2019 | 00020020440 | 17/02/2019 | 1 |
